[Event "5th Asia-ch"]
[Site "Hyderabad IND"]
[Date "2005.10.10"]
[Round "5"]
[White "Filippov, Anton"]
[Black "Al-Modiahki, Mohamad"]
[Result "1-0"]
[WhiteElo "2478"]
[BlackElo "2568"]
[EventDate "2005.10.05"]
[PlyCount "97"]

1.e4 c5 2.Nf3 d6 3.d4 cxd4 4.Nxd4 Nf6 5.Nc3 a6 6.f4 e5 7.Nf3 Nbd7 8.a4 Be7
9.Bd3 O-O 10.O-O exf4 11.Bxf4 Qb6+ 12.Kh1 Qxb2 13.Nd5 Nxd5 14.exd5 Qb6 15.
Qe2 Bf6 16.Rab1 Qc7 17.Bg5 Qd8 18.Qe4 g6 19.Qh4 h5 20.Bxf6 Nxf6 21.Qd4 Nd7
22.Qf4 Qf6 23.Qg3 Nc5 24.Rbe1 Nxd3 25.cxd3 Bg4 26.Nd2 Qg7 27.Ne4 Rad8 28.
Nf6+ Kh8 29.Qh4 g5 30.Qf2 Qg6 31.Qd4 Qg7 32.Qb4 Qg6 33.Qb2 Qg7 34.Qxb7 Bc8
35.Qb4 h4 36.h3 Qg6 37.Qd4 Kg7 38.Nd7+ Kg8 39.Nxf8 Rxf8 40.Qf6 Qxf6 41.
Rxf6 Bd7 42.Re7 Kg7 43.Rxd6 Bc8 44.Rb6 Bf5 45.Re5 Bxd3 46.Rxg5+ Kh7 47.
Rh5+ Kg7 48.Rxh4 Rc8 49.Rd4 1-0

[Event "5th Asia-ch"]
[Site "Hyderabad IND"]
[Date "2005.10.10"]
[Round "5"]
[White "Rahman, Ziaur"]
[Black "Sivanandan, B. S."]
[Result "1-0"]
[WhiteElo "2570"]
[BlackElo "2467"]
[EventDate "2005.10.05"]
[PlyCount "91"]

1.Nf3 Nf6 2.c4 g6 3.Nc3 d5 4.Qa4+ Bd7 5.Qb3 dxc4 6.Qxc4 Bg7 7.e4 O-O 8.e5 
Ng4 9.d4 Be6 10.Qb5 b6 11.h3 Nh6 12.Bf4 c6 13.Qe2 Bd5 14.Nxd5 Qxd5 15.Qc2 
Nf5 16.Rd1 Bh6 17.Bxh6 Nxh6 18.b4 b5 19.Bd3 f5 20.exf6 Rxf6 21.O-O Nd7 22.
Be4 Qd6 23.a4 Rb8 24.Ra1 a6 25.Rfc1 Qxb4 26.Bxc6 Qd6 27.axb5 axb5 28.Ra7 
Nf8 29.Qe2 e6 30.Be4 Rf7 31.Rc6 Qd8 32.Raa6 Re7 33.d5 exd5 34.Bxd5+ Nf7 
35.Qa2 Nd7 36.Re6 Nb6 37.Rxe7 Nxd5 38.Rea7 b4 39.Qb3 Kf8 40.Nd4 Kg8 41.Nc6
Qg5 42.Qxd5 Qc1+ 43.Kh2 Qf4+ 44.g3 Qxf2+ 45.Qg2 Qg1+ 46.Qxg1 1-0

[Event "5th Asia-ch"]
[Site "Hyderabad IND"]
[Date "2005.10.10"]
[Round "5"]
[White "Ghaem Maghami, Ehsan"]
[Black "Hossain, Enamul"]
[Result "1-0"]
[WhiteElo "2586"]
[BlackElo "2476"]
[EventDate "2005.10.05"]
[PlyCount "115"]

1.c4 c5 2.Nf3 Nc6 3.d4 cxd4 4.Nxd4 g6 5.e4 Bg7 6.Be3 Nf6 7.Nc3 d6 8.Be2 
O-O 9.O-O Bd7 10.f3 Nxd4 11.Bxd4 Bc6 12.b4 b6 13.Qd2 Nd7 14.Bxg7 Kxg7 15.
f4 Nf6 16.Qe3 e6 17.Rad1 Qe7 18.a3 Rad8 19.Bf3 Qc7 20.e5 dxe5 21.Qxe5 Rc8 
22.Bxc6 Qxc6 23.c5 bxc5 24.Rd6 Qb7 25.bxc5 Rfd8 26.Rfd1 Rxd6 27.Rxd6 h5 
28.h3 Qb2 29.Kh2 Qc2 30.Nd5 exd5 31.Qxf6+ Kg8 32.Rd8+ Rxd8 33.Qxd8+ Kg7 
34.Qxd5 h4 35.c6 Qf2 36.Qf3 Qc5 37.a4 f5 38.a5 a6 39.Qe2 Qxc6 40.Qe7+ Kg8 
41.Qxh4 Qc7 42.Qh6 Qd6 43.h4 Qf6 44.Qg5 Qg7 45.h5 gxh5 46.Qxf5 Qd4 47.Kh3 
Qe3+ 48.g3 Qf3 49.Kh4 Qh1+ 50.Kg5 Qf3 51.Qc8+ Kg7 52.Qd7+ Kf8 53.Qc8+ Kg7 
54.Qc7+ Kg8 55.Kf6 Qg4 56.Qf7+ Kh8 57.Qg6 Qh4+ 58.Kf7 1-0

[Event "5th Asia-ch"]
[Site "Hyderabad IND"]
[Date "2005.10.10"]
[Round "5"]
[White "Ramesh, Ramachandran"]
[Black "Kotsur, Pavel"]
[Result "0-1"]
[WhiteElo "2487"]
[BlackElo "2587"]
[EventDate "2005.10.05"]
[PlyCount "102"]

1.e4 c5 2.Nf3 d6 3.d4 cxd4 4.Nxd4 Nf6 5.Nc3 Nc6 6.Bg5 e6 7.Qd2 Qb6 8.O-O-O
Qxd4 9.Qxd4 Nxd4 10.Rxd4 a6 11.f3 Rb8 12.Bc4 b5 13.Bb3 Nd7 14.Rd2 Be7 15.
Bf4 Ne5 16.a4 g5 17.Bxe5 dxe5 18.axb5 g4 19.Kb1 gxf3 20.gxf3 Bb4 21.Rhd1 
Ke7 22.bxa6 Bxc3 23.bxc3 Bxa6 24.Kb2 Rhg8 25.Ra1 Bb5 26.Ra5 Rg1 27.Ka2 Rf1
28.c4 Be8 29.Rd3 Rf2 30.h4 Rh2 31.Rxe5 Rxh4 32.Ra5 h5 33.Kb2 Rh1 34.Kc3 h4
35.Rh5 Kf6 36.f4 Bc6 37.e5+ Kg6 38.Rg5+ Kh6 39.Rd6 Rh3+ 40.Kd2 Be4 41.c5 
Rg3 42.Rxg3 hxg3 43.Ke3 g2 44.Rd1 Bc6 45.f5 Rd8 46.Rg1 exf5 47.Bxf7 Kg5 
48.e6 f4+ 49.Ke2 Kg4 50.Ra1 Kg3 51.e7 f3+ 0-1

[Event "5th Asia-ch"]
[Site "Hyderabad IND"]
[Date "2005.10.10"]
[Round "5"]
[White "Kazhgaleyev, Murtas"]
[Black "Zhou Jianchao"]
[Result "1/2-1/2"]
[WhiteElo "2602"]
[BlackElo "2516"]
[EventDate "2005.10.05"]
[PlyCount "78"]

1.d4 Nf6 2.c4 g6 3.Nc3 Bg7 4.e4 d6 5.h3 O-O 6.Bg5 c6 7.Bd3 e5 8.d5 Na6 9.
Nge2 cxd5 10.exd5 h6 11.Be3 Nd7 12.O-O f5 13.f4 e4 14.Bb1 Nb6 15.b3 Nc5 
16.Bc2 Bd7 17.Bd4 a5 18.Bxg7 Kxg7 19.Qd4+ Qf6 20.Nd1 Qxd4+ 21.Nxd4 a4 22.
Ne3 axb3 23.axb3 Rxa1 24.Rxa1 Ra8 25.Rb1 Na6 26.b4 Nc8 27.Kf2 b6 28.Ke2 
Kf6 29.Kd2 Nc7 30.Kc3 Ne7 31.Bb3 g5 32.g3 h5 33.h4 gxf4 34.gxf4 Rc8 35.Kd2
Ng6 36.Ng2 Na6 37.Kc3 Nc7 38.Kd2 Na6 39.Kc3 Nc7 1/2-1/2

[Event "5th Asia-ch"]
[Site "Hyderabad IND"]
[Date "2005.10.10"]
[Round "5"]
[White "Megaranto, Susanto"]
[Black "Neelotpal, Das"]
[Result "1/2-1/2"]
[WhiteElo "2530"]
[BlackElo "2509"]
[EventDate "2005.10.05"]
[PlyCount "99"]

1.e4 c5 2.Nf3 d6 3.d4 cxd4 4.Nxd4 Nf6 5.Nc3 Nc6 6.Bc4 e5 7.Nf5 Be6 8.Bb3 
g6 9.Ne3 Bh6 10.Ned5 Bxc1 11.Rxc1 O-O 12.O-O Nd4 13.Nxf6+ Qxf6 14.Nd5 Qg7 
15.c3 Nxb3 16.axb3 Rad8 17.Qd3 f5 18.exf5 gxf5 19.f4 e4 20.Qd2 Kh8 21.Rcd1
Rd7 22.b4 Bxd5 23.Qxd5 Qf6 24.Rf2 Rc8 25.Rfd2 a6 26.Ra1 Rc6 27.Ra5 Rf7 28.
Qb3 Rg7 29.Qd1 b5 30.Qh5 Qg6 31.Qxg6 hxg6 32.Ra1 Kg8 33.Kf2 Kf7 34.Ke3 Ke6
35.h4 Rh7 36.g3 Rh8 37.Rh2 Rh6 38.Rhh1 Rh7 39.Ra5 Rb6 40.Raa1 Rc6 41.Rh2 
Rh6 42.Rg1 Rc8 43.Ra1 Rc6 44.Rd2 Rh8 45.Rdd1 Rh7 46.Ra5 Rb6 47.Rda1 Ra7 
48.Kd4 Ra8 49.R1a2 Ra7 50.Ra1 1/2-1/2

[Event "5th Asia-ch"]
[Site "Hyderabad IND"]
[Date "2005.10.10"]
[Round "5"]
[White "Li Shilong"]
[Black "Djao Thien Hai"]
[Result "1-0"]
[WhiteElo "2510"]
[BlackElo "2581"]
[EventDate "2005.10.05"]
[PlyCount "125"]

1.e4 e5 2.Nf3 Nf6 3.Nxe5 d6 4.Nf3 Nxe4 5.d4 d5 6.Bd3 Nc6 7.O-O Be7 8.c4 
Nb4 9.Be2 O-O 10.Nc3 Bf5 11.a3 Nxc3 12.bxc3 Nc6 13.Re1 Re8 14.cxd5 Qxd5 
15.Bf4 Rac8 16.h3 Qe4 17.Qc1 Qd5 18.c4 Qd8 19.Qd2 b6 20.Bf1 Na5 21.Re3 Bd6
22.Rae1 Rxe3 23.Qxe3 Qf8 24.c5 bxc5 25.dxc5 Bxf4 26.Qxf4 Be6 27.Ng5 h6 28.
Nxe6 fxe6 29.Qg4 Qf5 30.Rxe6 Rf8 31.Qxf5 Rxf5 32.Bd3 Rf6 33.Re8+ Kf7 34.
Ra8 Rc6 35.Rxa7 Rxc5 36.a4 Ke7 37.Kf1 Kd6 38.Ra6+ Ke5 39.g3 Nc6 40.Ra8 Kd4
41.Bb5 Ne5 42.Kg2 Kc3 43.f4 Nc4 44.Rg8 g5 45.Rg6 gxf4 46.gxf4 Ne3+ 47.Kf2 
Kd4 48.Rc6 Nd5 49.Kf3 Rxc6 50.Bxc6 Nb4 51.Be4 c5 52.f5 Ke5 53.Ke3 c4 54.f6
Kxf6 55.Kd4 Na6 56.Kxc4 Ke5 57.Bb7 Nc7 58.a5 Kd6 59.h4 Ne6 60.a6 Kc7 61.
Bd5 Kb6 62.Bxe6 Kxa6 63.Kd5 1-0

[Event "5th Asia-ch"]
[Site "Hyderabad IND"]
[Date "2005.10.12"]
[Round "6"]
[White "Gupta, Abhijeet"]
[Black "Ramesh, Ramachandran"]
[Result "1/2-1/2"]
[WhiteElo "2404"]
[BlackElo "2487"]
[EventDate "2005.10.05"]
[PlyCount "57"]

1.d4 Nf6 2.c4 e6 3.Nf3 Bb4+ 4.Nbd2 b6 5.a3 Bxd2+ 6.Qxd2 Bb7 7.e3 O-O 8.Be2
d6 9.O-O Nbd7 10.b4 Qe7 11.Bb2 Rfd8 12.Rac1 c5 13.Rfd1 Rac8 14.dxc5 dxc5 
15.Qc3 h6 16.Bd3 Qf8 17.Bb1 Ne4 18.Qb3 Ndf6 19.h3 Qe7 20.b5 Rxd1+ 21.Rxd1 
Rd8 22.Rxd8+ Qxd8 23.Qd3 Qxd3 24.Bxd3 Kf8 25.Ne5 Ke7 26.h4 Nd6 27.f3 a6 
28.a4 axb5 29.axb5 1/2-1/2

[Event "5th Asia-ch"]
[Site "Hyderabad IND"]
[Date "2005.10.12"]
[Round "6"]
[White "Koneru, Humpy"]
[Black "Megaranto, Susanto"]
[Result "0-1"]
[WhiteElo "2540"]
[BlackElo "2530"]
[EventDate "2005.10.05"]
[PlyCount "68"]

1.d4 c5 2.d5 e6 3.e4 Nf6 4.Nc3 d6 5.Nf3 e5 6.Nd2 Be7 7.Bd3 Nbd7 8.O-O Nf8 
9.Nc4 Ng6 10.a4 O-O 11.Re1 Ne8 12.g3 Bg5 13.Rb1 Bxc1 14.Qxc1 Nc7 15.Qe3 b6
16.b4 cxb4 17.Nb5 Nxb5 18.axb5 f5 19.exf5 Bxf5 20.Bxf5 Rxf5 21.Rxb4 Qc7 
22.Qd2 Raf8 23.Re2 Rf3 24.Ne3 Ne7 25.Ra4 Qd7 26.Qb4 R8f7 27.Rd2 h6 28.Ra1 
Nf5 29.Nc4 Rf6 30.c3 h5 31.Kg2 Nh4+ 32.Kg1 Qh3 33.Ne3 R3f4 34.Qxf4 exf4 
0-1

[Event "5th Asia-ch"]
[Site "Hyderabad IND"]
[Date "2005.10.12"]
[Round "6"]
[White "Neelotpal, Das"]
[Black "Ghaem Maghami, Ehsan"]
[Result "1/2-1/2"]
[WhiteElo "2509"]
[BlackElo "2586"]
[EventDate "2005.10.05"]
[PlyCount "24"]

1.e4 c5 2.Nf3 d6 3.d4 cxd4 4.Nxd4 Nf6 5.Nc3 a6 6.Bg5 e6 7.f4 Be7 8.Qf3 h6 
9.Bh4 e5 10.fxe5 dxe5 11.Nf5 Bxf5 12.Qxf5 Nc6 1/2-1/2

[Event "5th Asia-ch"]
[Site "Hyderabad IND"]
[Date "2005.10.12"]
[Round "6"]
[White "Ganguly, Surya Shekhar"]
[Black "Kazhgaleyev, Murtas"]
[Result "0-1"]
[WhiteElo "2562"]
[BlackElo "2602"]
[EventDate "2005.10.05"]
[PlyCount "266"]

1.e4 e5 2.Nf3 d6 3.d4 exd4 4.Nxd4 Nf6 5.Nc3 Be7 6.Be2 O-O 7.Bf4 Re8 8.Qd2 
Bf8 9.f3 c6 10.O-O-O b5 11.Nb3 b4 12.Na4 d5 13.Bg5 h6 14.Bxf6 Qxf6 15.exd5
Rd8 16.Qd4 Qxd4 17.Rxd4 cxd5 18.Rhd1 Be6 19.f4 Nd7 20.Bf3 Nf6 21.Nac5 a5 
22.Nxe6 fxe6 23.R4d2 Kf7 24.Re2 Ra6 25.Rde1 g5 26.fxg5 hxg5 27.g3 Bd6 28.
Rf1 Bc7 29.Ref2 e5 30.Be2 Rc6 31.Rf5 Rh8 32.Rxg5 Rxh2 33.Bd1 a4 34.Nd2 e4 
35.Rxd5 e3 36.Nf3 Rf2 37.Rxf2 exf2 38.Rf5 f1=Q 39.Ng5+ Kg6 40.Rxf1 Kxg5 
41.g4 Bf4+ 42.Kb1 a3 43.Bf3 Rc7 44.Rd1 axb2 45.Kxb2 Be5+ 46.Kb1 Rc3 47.Rd3
Kf4 48.Rxc3 bxc3 49.Bc6 Nxg4 50.a4 Bc7 51.Ka2 Ba5 52.Bb5 Ne5 53.Ba6 Ke3 
54.Bb7 Nd7 55.Bc6 Nc5 56.Be8 Kd2 57.Kb1 Nd3 58.Bf7 Ne5 59.Be6 Bb4 60.Bg8 
Nd3 61.Bf7 Nc5 62.Be8 Nb7 63.Bf7 Na5 64.Bd5 Ba3 65.Ka2 Bb2 66.Be4 Ke3 67.
Bd5 Kd4 68.Be6 Kc5 69.Bd7 Kb4 70.Be8 Nb7 71.Bc6 Nc5 72.Be8 Nxa4 73.Bd7 Nc5
74.Bf5 Kc4 75.Bg6 Kd4 76.Bh7 Ke3 77.Bg6 Kd2 78.Bf5 Kc1 79.Bg6 Ne6 80.Bf5 
Nd4 81.Be4 Kd2 82.Bg6 Bc1 83.Kb1 Ba3 84.Be4 Be7 85.Bg6 Bh4 86.Bd3 Be1 87.
Bg6 Nb5 88.Ka2 Kc1 89.Kb3 Nd4+ 90.Kc4 Nxc2 91.Kd3 Na3 92.Bf5 Kb2 93.Ke2 
Bh4 94.Bg6 Bg5 95.Bf5 Nc4 96.Bh7 Ne5 97.Kd1 Nf3 98.Be4 Nd4 99.Bg6 Bh6 100.
Be4 c2+ 101.Bxc2 Nxc2 102.Ke2 Kc3 103.Kf3 Kd4 104.Kg2 Ke4 105.Kf2 Bf4 106.
Kg2 Nd4 107.Kf2 Kf5 108.Kg2 Kg4 109.Kf2 Bd2 110.Kg2 Be1 111.Kf1 Bg3 112.
Kg2 Nf5 113.Kf1 Kf3 114.Kg1 Ne3 115.Kh1 Ng4 116.Kg1 Nf2 117.Kf1 Bh2 118.
Ke1 Ne4 119.Kf1 Nd2+ 120.Ke1 Ke3 121.Kd1 Bd6 122.Kc2 Bb4 123.Kd1 Nf3 124.
Kc2 Nd4+ 125.Kd1 Kd3 126.Kc1 Ke2 127.Kb2 Kd2 128.Kb1 Ba3 129.Ka2 Bc1 130.
Kb1 Nc6 131.Ka1 Kc2 132.Ka2 Nb4+ 133.Ka1 Bb2# 0-1

[Event "5th Asia-ch"]
[Site "Hyderabad IND"]
[Date "2005.10.12"]
[Round "6"]
[White "Djao Thien Hai"]
[Black "Annageldiev, Orazly"]
[Result "1/2-1/2"]
[WhiteElo "2581"]
[BlackElo "2469"]
[EventDate "2005.10.05"]
[PlyCount "64"]

1.d4 Nf6 2.c4 c5 3.d5 b5 4.cxb5 a6 5.bxa6 e6 6.Nc3 Nxd5 7.Nxd5 exd5 8.Qxd5
Nc6 9.e3 Be7 10.a3 O-O 11.Nf3 Bxa6 12.Bxa6 Qa5+ 13.Bd2 Qxa6 14.Rc1 Bf6 15.
Bc3 Bxc3+ 16.Rxc3 Rfb8 17.Rc2 Qb5 18.Rxc5 Qxb2 19.O-O Qxa3 20.Ng5 Nd8 21.
Ne4 Ne6 22.Rc4 Ra4 23.Rxa4 Qxa4 24.Ng3 Qc6 25.Qd2 g6 26.Rc1 Nc5 27.h3 Nb3 
28.Rxc6 Nxd2 29.Rc2 Rb1+ 30.Kh2 Rd1 31.h4 Nf1+ 32.Kh3 h5 1/2-1/2

[Event "5th Asia-ch"]
[Site "Hyderabad IND"]
[Date "2005.10.12"]
[Round "6"]
[White "Sandipan, Chanda"]
[Black "Kaiumov, Sergei"]
[Result "0-1"]
[WhiteElo "2560"]
[BlackElo "2436"]
[EventDate "2005.10.05"]
[PlyCount "136"]

1.e4 e5 2.Nf3 Nc6 3.Bb5 Nf6 4.O-O Nxe4 5.d4 Nd6 6.Ba4 Be7 7.dxe5 Ne4 8.Be3
Nc5 9.Bxc5 Bxc5 10.Nc3 O-O 11.Qd5 d6 12.Bxc6 bxc6 13.Qxc6 Rb8 14.Qd5 Rxb2 
15.Na4 Be6 16.Qd3 Rb4 17.Nxc5 dxc5 18.Qa3 Qa8 19.Ne1 Bc4 20.Nd3 Rfb8 21.
Qa5 Bxd3 22.cxd3 Qc6 23.Rac1 R4b5 24.Qa3 Qb6 25.Qc3 Rd8 26.a4 Ra5 27.Rb1 
Qa6 28.Rb3 c4 29.Qd4 Re8 30.dxc4 h6 31.Rg3 Qe6 32.Qa1 Rd8 33.Re1 Rxe5 34.
Rxg7+ Kf8 35.Rf1 Kxg7 36.f4 Qb6+ 37.Kh1 Qd4 38.fxe5 Qxa1 39.Rxa1 Rd4 40.
Rc1 Rd2 41.Kg1 Ra2 42.Rd1 Rxa4 43.Rd7 Rxc4 44.e6 Kf6 45.Rxf7+ Kxe6 46.Rh7 
Ke5 47.Rxh6 Rc1+ 48.Kf2 Rc2+ 49.Kf3 Rc3+ 50.Kf2 Rc2+ 51.Kf3 Rc3+ 52.Kg4 
Rc4+ 53.Kh3 Rc3+ 54.g3 Rb3 55.Rc6 Rb7 56.Kg4 Kd5 57.Rc1 c5 58.h4 c4 59.h5 
Kd4 60.h6 c3 61.Kf3 Rh7 62.Rd1+ Kc4 63.Rd6 c2 64.g4 Rc7 65.h7 Rxh7 66.Rc6+
Kd3 67.g5 Rh1 68.Rd6+ Kc3 0-1

[Event "5th Asia-ch"]
[Site "Hyderabad IND"]
[Date "2005.10.12"]
[Round "6"]
[White "Nguyen Anh Dung"]
[Black "Grigorian, Karen"]
[Result "1/2-1/2"]
[WhiteElo "2551"]
[BlackElo "2421"]
[EventDate "2005.10.05"]
[PlyCount "70"]

1.d4 Nf6 2.c4 e6 3.Nf3 b6 4.Bg5 Bb7 5.e3 Bb4+ 6.Nbd2 h6 7.Bxf6 Qxf6 8.Be2 
O-O 9.O-O d5 10.Rc1 Qe7 11.Qc2 c5 12.a3 Bxd2 13.Qxd2 Nd7 14.cxd5 Bxd5 15.
h3 Rac8 16.Qc2 Nf6 17.Qa4 Rc7 18.Ne5 cxd4 19.Qxd4 Re8 20.Rxc7 Qxc7 21.Ba6 
Rd8 22.Rd1 Nd7 23.Nxd7 Rxd7 24.Be2 Qc2 25.Qd2 Qg6 26.g3 Qf5 27.Qd4 Bc6 28.
Qc4 Rxd1+ 29.Bxd1 Be4 30.Bg4 Qg6 31.Be2 Bd5 32.Qd3 Be4 33.Qd4 Qf5 34.Bg4 
Qg6 35.Bh5 Qf5 1/2-1/2

[Event "5th Asia-ch"]
[Site "Hyderabad IND"]
[Date "2005.10.12"]
[Round "6"]
[White "Zhao Jun"]
[Black "Ravi, Lanka"]
[Result "1-0"]
[WhiteElo "2500"]
[BlackElo "2419"]
[EventDate "2005.10.05"]
[PlyCount "117"]

1.d4 Nf6 2.c4 e6 3.Nc3 d5 4.cxd5 exd5 5.Bg5 c6 6.e3 Be7 7.Bd3 Nbd7 8.Nge2 
O-O 9.O-O Nh5 10.Bxe7 Qxe7 11.Rb1 a5 12.a3 f5 13.Nc1 Qh4 14.g3 Qh3 15.Re1 
Nhf6 16.Bf1 Qh6 17.Nd3 Re8 18.Rc1 Ng4 19.h3 Ngf6 20.Bg2 Ne4 21.Qc2 g5 22.
Na4 Ndf6 23.Nb6 Rb8 24.Nxc8 Rbxc8 25.b4 axb4 26.axb4 Nd6 27.Ne5 Qg7 28.Kh2
Re6 29.Qd3 Rf8 30.b5 Nxb5 31.Qxf5 Re7 32.Qd3 Nd6 33.Re2 Re6 34.Qc2 g4 35.
Rh1 Ra8 36.Ree1 Nf7 37.Nxg4 Nxg4+ 38.hxg4 Qxg4 39.Kg1 Qg6 40.Qb3 Re7 41.
Rh4 Nd6 42.e4 Kh8 43.e5 Nb5 44.Qb4 Rg7 45.Rf4 Qe8 46.Bf1 Na7 47.Ra1 Qe7 
48.Qb6 Qc7 49.Qb4 b6 50.Ra6 Rb8 51.Rf8+ Rg8 52.Rxg8+ Kxg8 53.Qa3 Nc8 54.
Bh3 Qe7 55.Bxc8 Qxa3 56.Be6+ Kf8 57.Rxa3 Ke7 58.Bf5 c5 59.Ra7+ 1-0

[Event "5th Asia-ch"]
[Site "Hyderabad IND"]
[Date "2005.10.12"]
[Round "6"]
[White "Wu Wenjin"]
[Black "Al-Rakib, Abdullah"]
[Result "1-0"]
[WhiteElo "2523"]
[BlackElo "2466"]
[EventDate "2005.10.05"]
[PlyCount "47"]

1.e4 e5 2.Nf3 Nc6 3.Bb5 a6 4.Ba4 Nf6 5.O-O Be7 6.Bxc6 dxc6 7.Qe1 Nd7 8.b3 
O-O 9.Bb2 Bd6 10.d3 Re8 11.Nbd2 Nc5 12.Nc4 f6 13.Nh4 Ne6 14.Kh1 Bf8 15.Rd1
b5 16.Ne3 a5 17.f3 a4 18.Nhf5 axb3 19.axb3 Ra2 20.d4 exd4 21.Bxd4 Bd7 22.
Qg3 Kh8 23.Ra1 Qc8 24.Ng4 1-0

[Event "5th Asia-ch"]
[Site "Hyderabad IND"]
[Date "2005.10.12"]
[Round "6"]
[White "Mahjoob, Morteza"]
[Black "Dzhumaev, Marat"]
[Result "0-1"]
[WhiteElo "2418"]
[BlackElo "2507"]
[EventDate "2005.10.05"]
[PlyCount "86"]

1.d4 f5 2.c4 Nf6 3.Nc3 d6 4.Bg5 Nbd7 5.Qc2 g6 6.Nh3 e5 7.dxe5 dxe5 8.O-O-O
h6 9.Bd2 Qe7 10.f3 c6 11.g4 Nc5 12.gxf5 Bxf5 13.e4 Bd7 14.f4 O-O-O 15.Nf2 
Ng4 16.Nxg4 Bxg4 17.Re1 h5 18.Be3 Bh6 19.h3 Bf3 20.Rg1 exf4 21.Bxc5 Qxc5 
22.Rxg6 h4 23.e5 Kb8 24.Qh2 Bh5 25.Rxh6 Rxh6 26.Qxf4 Qf8 27.Qxh4 Re8 28.
Qg3 Rg6 29.Qe3 Rge6 30.Qg3 Bg6 31.Bd3 Bxd3 32.Qxd3 Rxe5 33.Rxe5 Rxe5 34.
Qg3 Qh6+ 35.Kc2 Qg5 36.Qh2 Qf5+ 37.Kb3 a5 38.h4 b5 39.cxb5 cxb5 40.Nxb5 
Qe6+ 41.Kc2 Qf5+ 42.Kd2 Qd7+ 43.Kc2 Qxb5 0-1

[Event "5th Asia-ch"]
[Site "Hyderabad IND"]
[Date "2005.10.12"]
[Round "6"]
[White "Bin Sattar, Reefat"]
[Black "Deepan Chakravarthy, Jeyakumar"]
[Result "1/2-1/2"]
[WhiteElo "2484"]
[BlackElo "2454"]
[EventDate "2005.10.05"]
[PlyCount "88"]

1.e4 c5 2.Nc3 d6 3.Nf3 a6 4.d4 cxd4 5.Nxd4 Nf6 6.Be3 e5 7.Nb3 Be6 8.f3 h5 
9.Qd2 Nbd7 10.a4 Rc8 11.Be2 Qc7 12.O-O Be7 13.Rfd1 O-O 14.Qe1 Rfe8 15.Rd2 
Nf8 16.a5 Ng6 17.g3 Nf8 18.Bb6 Qb8 19.Qf2 N8d7 20.Be3 g6 21.Nd5 Bxd5 22.
exd5 Bf8 23.c4 Nh7 24.g4 hxg4 25.fxg4 Bg7 26.Rf1 Rf8 27.g5 e4 28.Qg2 Ne5 
29.Qxe4 Rce8 30.Qf4 f6 31.Qg3 Nxg5 32.Bxg5 fxg5 33.Rxf8+ Rxf8 34.Nd4 Qa7 
35.Kg2 Qc5 36.Ne6 Qxa5 37.Qxg5 Rf6 38.Qe3 Nf7 39.Rd1 Qb4 40.Qd2 Bh6 41.Qd4
Qb3 42.Qd3 Qb6 43.Qd4 Qb3 44.Qd3 Qb6 1/2-1/2

[Event "5th Asia-ch"]
[Site "Hyderabad IND"]
[Date "2005.10.12"]
[Round "6"]
[White "Konguvel, Ponnuswamy"]
[Black "Bakre, Tejas"]
[Result "1-0"]
[WhiteElo "2390"]
[BlackElo "2484"]
[EventDate "2005.10.05"]
[PlyCount "111"]

1.e4 c5 2.Nf3 d6 3.d4 cxd4 4.Nxd4 Nf6 5.Nc3 Nc6 6.Bg5 e6 7.Qd2 Be7 8.O-O-O
Nxd4 9.Qxd4 O-O 10.f3 a6 11.h4 Qc7 12.Kb1 Rd8 13.h5 h6 14.Bh4 b5 15.g4 b4 
16.Ne2 e5 17.Qg1 Nh7 18.Bf2 Rb8 19.Ng3 Be6 20.Nf5 Bg5 21.Bd3 d5 22.Qh2 d4 
23.Bg3 Rb5 24.b3 Ra5 25.Be1 Qc5 26.Bd2 Ra3 27.f4 Qa5 28.Bxb4 Qxb4 29.fxg5 
Ra5 30.gxh6 Qa3 31.hxg7 Qxa2+ 32.Kc1 Ng5 33.h6 Kh7 34.Qf2 Rc8 35.Kd2 Rac5 
36.Nxd4 exd4 37.e5+ Kg8 38.h7+ Nxh7 39.Bxh7+ Kxg7 40.Qf6+ Kf8 41.Ke1 Qa5+ 
42.Kf1 Qd8 43.Qh6+ Ke8 44.Bf5 Qd5 45.Qh8+ Kd7 46.Bxe6+ Qxe6 47.Rxd4+ Kc7 
48.Qf6 Rxc2 49.Rh7 Kb8 50.Rb4+ Ka8 51.Qf3+ Qc6 52.Qxc6+ R8xc6 53.Rxf7 Rh2 
54.Rf8+ Ka7 55.Rf7+ Ka8 56.Rc4 1-0

[Event "5th Asia-ch"]
[Site "Hyderabad IND"]
[Date "2005.10.12"]
[Round "6"]
[White "Gonzales, Jayson"]
[Black "Sareen, Vishal"]
[Result "1-0"]
[WhiteElo "2464"]
[BlackElo "2375"]
[EventDate "2005.10.05"]
[PlyCount "93"]

1.d4 Nf6 2.Nf3 g6 3.c4 Bg7 4.Nc3 d5 5.Bg5 Ne4 6.cxd5 Nxg5 7.Nxg5 e6 8.Nf3 
exd5 9.b4 O-O 10.e3 a5 11.b5 c5 12.Rc1 c4 13.Be2 Be6 14.O-O Nd7 15.Na4 Bf5
16.g3 Re8 17.Nh4 Bh3 18.Re1 Nf6 19.Bf1 Bxf1 20.Rxf1 Ne4 21.Nf3 Qd6 22.Qc2 
b6 23.Kg2 Re6 24.Nc3 Nxc3 25.Qxc3 Qb4 26.Qc2 Qxb5 27.Rb1 Qc6 28.a4 Bf8 29.
Rb5 Bb4 30.Ng1 Rd8 31.Ne2 Red6 32.Nc1 Rf6 33.Na2 Bd6 34.Nc3 Bc7 35.e4 dxe4
36.d5 Qb7 37.Nxe4 Rf5 38.Qxc4 Kg7 39.Rd1 Be5 40.Qb3 Qd7 41.Rxb6 Rh5 42.h4 
Kg8 43.Rb7 Qe8 44.Ng5 Rd7 45.Qb5 Re7 46.Qxe8+ Rxe8 47.Nxf7 1-0

[Event "5th Asia-ch"]
[Site "Hyderabad IND"]
[Date "2005.10.12"]
[Round "6"]
[White "Moussa, Taleb"]
[Black "Roktim, Bandyopadhyay"]
[Result "0-1"]
[WhiteElo "2510"]
[BlackElo "2380"]
[EventDate "2005.10.05"]
[PlyCount "102"]

1.d4 Nf6 2.Nf3 e6 3.c4 Bb4+ 4.Nbd2 b6 5.e3 Bb7 6.Bd3 O-O 7.O-O Bxd2 8.Nxd2
d6 9.e4 Nc6 10.d5 Ne5 11.Nf3 Nxf3+ 12.Qxf3 Nd7 13.Qh3 Ne5 14.Be2 Qf6 15.
Qb3 Nd7 16.f3 Nc5 17.Qd1 a5 18.Rb1 Qg6 19.Be3 e5 20.b3 Bc8 21.a3 f5 22.b4 
axb4 23.axb4 f4 24.Bd2 Nd7 25.Ra1 Bb7 26.Qc2 Rfb8 27.Ra4 Qe8 28.Rfa1 Rxa4 
29.Rxa4 Ra8 30.g3 fxg3 31.hxg3 Nf6 32.Rxa8 Qxa8 33.c5 Qa1+ 34.Kg2 bxc5 35.
bxc5 Ba6 36.Bc3 Qa3 37.Bxa6 Qxa6 38.Qb2 Kf7 39.Be1 g5 40.cxd6 cxd6 41.Qc2 
g4 42.fxg4 Nxg4 43.Bf2 Nf6 44.Be3 Kg6 45.Bf2 Qb5 46.Kf3 Qf1 47.Qa4 h5 48.
Qc2 Ng4 49.Qd2 Qh1+ 50.Ke2 Qxe4+ 51.Kd1 Qf3+ 0-1

[Event "5th Asia-ch"]
[Site "Hyderabad IND"]
[Date "2005.10.12"]
[Round "6"]
[White "Sivanandan, B. S."]
[Black "Poobesh Anand, Selvaraj"]
[Result "1/2-1/2"]
[WhiteElo "2467"]
[BlackElo "2397"]
[EventDate "2005.10.05"]
[PlyCount "100"]

1.e4 c5 2.c3 d5 3.exd5 Qxd5 4.d4 Nc6 5.Nf3 e5 6.Nxe5 Nxe5 7.dxe5 Qxe5+ 8.
Be3 Bd7 9.Nd2 Nf6 10.Qb3 Be7 11.Nf3 Qc7 12.Bb5 O-O-O 13.Bxd7+ Rxd7 14.Qxf7
Bd6 15.Qc4 Re8 16.O-O-O Re4 17.Qe2 Bf4 18.Rxd7 Qxd7 19.Nd2 Bxe3 20.fxe3 
Re7 21.Rd1 Qg4 22.Qb5 Rc7 23.g3 a6 24.Qc4 b5 25.Qxg4+ Nxg4 26.e4 Rf7 27.
Nb3 c4 28.Nc5 Nxh2 29.Ne6 Ng4 30.Rd8+ Kb7 31.Rg8 Rf1+ 32.Kd2 g6 33.Rg7+ 
Kb6 34.Rxh7 Rf2+ 35.Kc1 Ne5 36.b4 Nd3+ 37.Kd1 Rxa2 38.Nd8 a5 39.bxa5+ Rxa5
40.Rg7 Nf2+ 41.Kc2 Nxe4 42.Rxg6+ Kc7 43.Ne6+ Kd7 44.Kb2 Ra8 45.Nd4 Rh8 46.
Rg7+ Kd6 47.Nxb5+ Kc5 48.Nd4 Rh2+ 49.Nc2 Rg2 50.g4 Kd6 1/2-1/2

[Event "5th Asia-ch"]
[Site "Hyderabad IND"]
[Date "2005.10.12"]
[Round "6"]
[White "Singh, D. P."]
[Black "Zhou Weiqi"]
[Result "1/2-1/2"]
[WhiteElo "2368"]
[BlackElo "2416"]
[EventDate "2005.10.05"]
[PlyCount "121"]

1.d4 d6 2.e4 Nf6 3.Nc3 g6 4.Bg5 Bg7 5.Qd2 h6 6.Bf4 g5 7.Bg3 Nh5 8.O-O-O 
Nc6 9.Nge2 Nxg3 10.hxg3 e6 11.f4 Bd7 12.d5 Ne7 13.dxe6 Bxe6 14.Nd4 Bg4 15.
Be2 Bxe2 16.Qxe2 gxf4 17.gxf4 Bxd4 18.Rxd4 Qd7 19.Ra4 a6 20.g3 O-O-O 21.
Qd3 f5 22.exf5 Qxf5 23.Re4 Nc6 24.Re3 Qxd3 25.Rxd3 Ne7 26.Rh5 Rdg8 27.Ne4 
Rg7 28.Kd2 Re8 29.c4 Ng8 30.Nc3 Rg6 31.Rh2 Nf6 32.Re2 Reg8 33.Re6 Nh5 34.
Rxg6 Rxg6 35.Ne4 Re6 36.Re3 Nf6 37.Nxf6 Rxf6 38.a4 Kd7 39.Ke2 h5 40.Kf3 a5
41.b3 c6 42.Re2 b5 43.axb5 cxb5 44.Rc2 b4 45.Rc1 Rf8 46.Ke3 Rg8 47.Kf2 Rf8
48.Kf3 Rf7 49.Ke4 Rg7 50.Rh1 Rxg3 51.Rxh5 Rxb3 52.Rxa5 Kc6 53.Rb5 Rb1 54.
f5 b3 55.f6 d5+ 56.Kd3 Rf1 57.Kd4 Rxf6 58.Rc5+ Kb7 59.Rb5+ Kc7 60.Rxb3 Kc6
61.Ke5 1/2-1/2

[Event "5th Asia-ch"]
[Site "Hyderabad IND"]
[Date "2005.10.12"]
[Round "6"]
[White "Satyapragyan, Swayangsu"]
[Black "Parikh, Valay"]
[Result "0-1"]
[WhiteElo "2411"]
[BlackElo "2372"]
[EventDate "2005.10.05"]
[PlyCount "98"]

1.e4 c6 2.d4 d5 3.e5 Bf5 4.Be3 Qb6 5.Qc1 e6 6.c4 Nd7 7.c5 Qc7 8.Nc3 f6 9.
f4 b6 10.cxb6 axb6 11.Nf3 Nh6 12.h3 Be7 13.g4 Bg6 14.exf6 gxf6 15.f5 Nxf5 
16.gxf5 Qg3+ 17.Bf2 Qxf3 18.fxg6 Qxh1 19.Qe3 hxg6 20.Qxe6 Qf3 21.Qxc6 O-O 
22.Qxd5+ Qxd5 23.Nxd5 Bd8 24.Bb5 Rf7 25.Kd2 f5 26.Bc4 Kg7 27.Rg1 Nf6 28.
Nf4 Ne4+ 29.Ke2 g5 30.h4 g4 31.Bd5 Rc8 32.Bxe4 Re7 33.Nh5+ Kf8 34.Ng3 fxe4
35.Nf5 Rc2+ 36.Kd1 Rxf2 37.Nxe7 Kxe7 38.Rxg4 Rxb2 39.Rxe4+ Kd7 40.a4 Rh2 
41.h5 Rxh5 42.Kc2 Rh4 43.Rxh4 Bxh4 44.Kd3 Be1 45.Kc4 Kc6 46.d5+ Kd6 47.Kd4
Ba5 48.Ke4 Kc5 49.Ke5 Be1 0-1

[Event "5th Asia-ch"]
[Site "Hyderabad IND"]
[Date "2005.10.12"]
[Round "6"]
[White "Simonenko, Sergei"]
[Black "Sharbaf, Mohsen"]
[Result "0-1"]
[WhiteElo "2409"]
[BlackElo "2387"]
[EventDate "2005.10.05"]
[PlyCount "62"]

1.d4 Nf6 2.Nf3 e6 3.e3 b6 4.Bd3 Bb7 5.Nbd2 d5 6.Ne5 Bd6 7.f4 O-O 8.Qf3 c5 
9.c3 Ba6 10.Bc2 Ne8 11.Qh3 g6 12.Ndf3 f6 13.Qxe6+ Kg7 14.Qh3 Qe7 15.g4 
fxe5 16.dxe5 Bc7 17.Ng5 h6 18.Bxg6 Bxe5 19.Bf5 Rxf5 20.gxf5 hxg5 21.fxg5 
Qxg5 22.e4 Bf4 23.Kf2 Nf6 24.e5 Ng4+ 25.Qxg4 Qxg4 26.Rg1 Qxg1+ 27.Kxg1 
Bxe5 28.Be3 Nc6 29.Rd1 d4 30.cxd4 Nxd4 31.Bf2 Kf6 0-1